<?xml version="1.0" encoding="UTF-8"?><?xml-stylesheet type="text/xsl" href="static/style.xsl"?><OAI-PMH xmlns="http://www.openarchives.org/OAI/2.0/" xmlns:xsi="http://www.w3.org/2001/XMLSchema-instance" xsi:schemaLocation="http://www.openarchives.org/OAI/2.0/ http://www.openarchives.org/OAI/2.0/OAI-PMH.xsd"><responseDate>2026-04-29T02:37:59Z</responseDate><request verb="GetRecord" identifier="oai:repisalud.isciii.es:20.500.12105/19794" metadataPrefix="marc">https://repisalud.isciii.es/rest/oai/request</request><GetRecord><record><header><identifier>oai:repisalud.isciii.es:20.500.12105/19794</identifier><datestamp>2025-04-01T10:45:38Z</datestamp><setSpec>com_20.500.12105_2052</setSpec><setSpec>com_20.500.12105_2051</setSpec><setSpec>col_20.500.12105_19608</setSpec></header><metadata><record xmlns="http://www.loc.gov/MARC21/slim" xmlns:dcterms="http://purl.org/dc/terms/" xmlns:doc="http://www.lyncode.com/xoai" xmlns:xsi="http://www.w3.org/2001/XMLSchema-instance" xsi:schemaLocation="http://www.loc.gov/MARC21/slim http://www.loc.gov/standards/marcxml/schema/MARC21slim.xsd">
   <leader>00925njm 22002777a 4500</leader>
   <datafield ind2=" " ind1=" " tag="042">
      <subfield code="a">dc</subfield>
   </datafield>
   <datafield ind2=" " ind1=" " tag="720">
      <subfield code="a">Cirera, Lluís</subfield>
      <subfield code="e">author</subfield>
   </datafield>
   <datafield ind2=" " ind1=" " tag="720">
      <subfield code="a">Ballesta, Mónica</subfield>
      <subfield code="e">author</subfield>
   </datafield>
   <datafield ind2=" " ind1=" " tag="720">
      <subfield code="a">Uroz, V</subfield>
      <subfield code="e">author</subfield>
   </datafield>
   <datafield ind2=" " ind1=" " tag="720">
      <subfield code="a">Maeso Martínez, Sergio</subfield>
      <subfield code="e">author</subfield>
   </datafield>
   <datafield ind2=" " ind1=" " tag="720">
      <subfield code="a">Saez, M</subfield>
      <subfield code="e">author</subfield>
   </datafield>
   <datafield ind2=" " ind1=" " tag="720">
      <subfield code="a">Chirlaque, María-Dolores</subfield>
      <subfield code="e">author</subfield>
   </datafield>
   <datafield ind2=" " ind1=" " tag="720">
      <subfield code="a">Salmerón, Diego</subfield>
      <subfield code="e">author</subfield>
   </datafield>
   <datafield ind2=" " ind1=" " tag="260">
      <subfield code="c">2023</subfield>
   </datafield>
   <datafield ind2=" " ind1=" " tag="520">
      <subfield code="a">Background/Objectives: The quality of the statistics on causes of death (CoD) do not present consolidated indicators in the bibliography, nor in official health or statistical publications, no further than the major coding group of symptoms, signs, and ill-defined conditions of the International Classification of Diseases. Our objective was to assess the territorial quality of CoD by reliability in the official mortality statistics over 1980-2019 years across Spain. Methods: A descriptive epidemiological design of decade unit (1980-, 1990-, 2000-, and 2010-2019) by (18) territories and sex, was implemented with the CoD cases and adjusted rates and ratios (to allcauses) were expert-assigned by reliability into unspecific and illdefined groups of medical certification. Data was obtained from the National Institute of Statistics. Territorial mortality rate was contrasted to the Spanish median in each decade and sex by the Comparative Mortality Ratio (CMR) in a Bayesian perspective. Statistical significance was considered when CMR did not contain the value 1 in the 95% credible intervals. Results: Unspecific, ill-defined and all-causes of death age-adjusted rates by sex and territory have decreased along 1980-2019 decades. The proportion of ill-defined CoD has decreased over decades, but was still prominent in women in the four decades (13, 10, 9, and 7%), especially in Andalusia and Ceuta &amp; Melilla. In the last decade (2010-2019), CMR of ill-defined CoD exceed in women in 5/18 territories (Andalusia, Ceuta &amp; Melilla, Extremadura, Madrid, and Valencia) (range of 2.11, 95%CI, 1.95-2.28, to 1.05, 1.04-1-06); while CMR of unspecific CoD exceed in women in 5/18 territories (Andalusia, Canary Islands, Galicia, Murcia, and Valencia) (range of 1.28, 1.26-1.31 to 1.05, 1.02-1.08). Conclusions/Recommendations: The reliability of the CoD in Spain has been improving in the last 40 years; however, territorial and gender gaps persisted. surveillance of unspecific and ill-defined CoD should be considered by the institutions involved, as well as a systematic medical post-grade training on death certification should be developed.</subfield>
   </datafield>
   <datafield ind1="8" ind2=" " tag="024">
      <subfield code="a">Gac Sanit. 2023;37(S1):109-109.</subfield>
   </datafield>
   <datafield ind1="8" ind2=" " tag="024">
      <subfield code="a">http://hdl.handle.net/20.500.12105/19794</subfield>
   </datafield>
   <datafield ind1="8" ind2=" " tag="024">
      <subfield code="a">Gac Sanit.</subfield>
   </datafield>
   <datafield tag="653" ind2=" " ind1=" ">
      <subfield code="a">Mortality</subfield>
   </datafield>
   <datafield tag="653" ind2=" " ind1=" ">
      <subfield code="a">Cause of death</subfield>
   </datafield>
   <datafield tag="653" ind2=" " ind1=" ">
      <subfield code="a">Data accuracy</subfield>
   </datafield>
   <datafield tag="653" ind2=" " ind1=" ">
      <subfield code="a">Reliability</subfield>
   </datafield>
   <datafield tag="653" ind2=" " ind1=" ">
      <subfield code="a">Monitoring</subfield>
   </datafield>
   <datafield tag="653" ind2=" " ind1=" ">
      <subfield code="a">Territoriality</subfield>
   </datafield>
   <datafield tag="653" ind2=" " ind1=" ">
      <subfield code="a">Spain</subfield>
   </datafield>
   <datafield ind2="0" ind1="0" tag="245">
      <subfield code="a">Territorial gaps on quality of causes of death statistics over the last forty years in Spain</subfield>
   </datafield>
</record></metadata></record></GetRecord></OAI-PMH>